00875cam a2200193 i 45000010009000000050017000090080041000260200019000670410008000860800017000942450258001112640069003693000029004386530045004676530025005126530035005377000059005727000050006311826607720221111103229.0140813s2015 enk b 001 0 eng  a9781137356840x aeng a327(4) Th-4404aThe European Union as a diplomatic actor /cedited by Joachim A. Koops, Dean, Vesalius College and research professor, Institute of European Studies, Vrije Universiteit Brussel, Belgium and Gjovalin Macaj, St. Antony's College, University of Oxford, UK. 1aHoundmills, Basingstoke, Hampshire :bPalgrave Macmillan,c2015. axix, 209 pages ;c23 cm. aThe European Union as a Diplomatic Actor aдипломатия aდიპლომატია1 aKoops, Joachim Alexander.eრედაქტორი1 aMacaj, Gjovalin.eრედაქტორი